00972nam a2200217 4500001000700000003000900007005001700016007000300033008004100036100003100077245030500108250001400413260003300427300003400460700002500494700002400519700004000543852003200583999001900615952012000634127536ES-MaACL20230906193031.0t|070214s1945 sp r ||||1| spa d1 aRietschel, Hermann.99717010aTratado de calefacción y ventilación / cHermann Rietschel ; 11ª ed. ampliada por el Prof. Dr. Ing. H. Gröber ; con un capítulo sobre condiciones climático-metorologícas y otro sobre condiciones higiénicas por el Dr. F. Brandtke ; traducción del aleman por José Mª Soler Carreras. a11ª. ed. aBarcelona : bLabor, c1945. aXV, 336 p. : bil. ; c28 cm.1 aGröber, H.92081421 aBrandtke, F.9313571 aSoler Carreras, José Mª.9107170 aES-MaACLjB-10694 bR.21971 c127536d127536 00104070aATENEOMbATENEOMcSPBd2008-01-17eSCl0oB-10694p1132835r2023-02-23 00:00:00w2023-02-23yMONOGRAFIA